[Event "Oberliga Sued W 2223"]
[Site "Germany"]
[Date "2023.04.30"]
[Round "9.7"]
[White "Busemann, Stephan"]
[Black "Aubertin, Tim"]
[Result "1-0"]
[WhiteElo "2082"]
[BlackElo "1923"]
[PlyCount "119"]
[EventDate "2022.10.23"]
[EventType "team-tourn"]
[EventRounds "9"]
[EventCountry "GER"]
[SourceTitle "EXT 2025"]
[Source "ChessBase"]
[SourceDate "2024.10.14"]
[SourceVersion "1"]
[SourceVersionDate "2024.10.14"]
[SourceQuality "1"]
[WhiteTeam "Schwarzenbach Caissa"]
[BlackTeam "Illingen Turm"]
[WhiteTeamCountry "GER"]
[BlackTeamCountry "GER"]

1. e4 e6 2. d4 d5 3. Nc3 dxe4 4. Nxe4 Bd7 5. Nf3 Bc6 6. Bd3 Bxe4 7. Bxe4 c6 8. 0-0 Nf6 9. Bg5 Be7 10. Bd3 h6 11. Bh4 Nbd7 12. c3 0-0 13. Qe2 Re8 14. Rad1 Qc7 15. Bg3 Bd6 16. Ne5 Bxe5 17. dxe5 Nd5 18. c4 Ne7 19. Rfe1 Rad8 20. Bh4 Nf8 21. g4 g5 22. Bg3 Neg6 23. Qe4 c5 24. Bb1 Rxd1 25. Rxd1 Rd8 26. Rd6 Qa5 27. Kg2 Rxd6 28. exd6 Qd2 29. b3 b6 30. h3 f6 31. Bd3 Nf4+ 32. Bxf4 Qxf4 33. Qxf4 gxf4 34. Kf3 Kf7 35. Kxf4 Ke8 36. Ke4 Kd7 37. f4 Kxd6 38. h4 Ng6 39. g5 f5+ 40. Ke3 Nxh4 41. gxh6 Ke7 42. Be2 Kf6 43. Bh5 Ng6 44. Kf3 Nf8 45. Kg3 e5 46. fxe5+ Kxe5 47. Bf7 Kf6 48. Bg8 Kg5 49. h7 Ng6 50. Bf7 Nh8 51. Be8 Kf6 52. Kf4 Ke7 53. Bh5 Kf6 54. a3 Kg7 55. Kxf5 Kxh7 56. Kf6 Kh6 57. Be8 Kh7 58. b4 Kg8 59. bxc5 bxc5 60. Ke7 1-0

[Event "Oberliga Sued W 2122"]
[Site "Germany"]
[Date "2022.05.15"]
[Round "3.8"]
[White "Busemann, Stephan"]
[Black "Stein, Daniel1"]
[Result "1-0"]
[WhiteElo "2076"]
[BlackElo "1946"]
[PlyCount "75"]
[EventDate "2021.10.24"]
[EventType "team-tourn"]
[EventRounds "9"]
[EventCountry "GER"]
[SourceTitle "EXT 2023"]
[Source "ChessBase"]
[SourceDate "2022.10.05"]
[SourceVersion "1"]
[SourceVersionDate "2022.10.05"]
[SourceQuality "1"]
[WhiteTeam "Schwarzenbach"]
[BlackTeam "Frankenthal"]
[WhiteTeamCountry "GER"]
[BlackTeamCountry "GER"]

1. e4 e5 2. Nf3 Nf6 3. Nc3 Bb4 4. Bc4 0-0 5. 0-0 Bxc3 6. dxc3 Nxe4 7. Re1 Nd6 8. Bg5 Qe8 9. Rxe5 Nxc4 10. Rxe8 Rxe8 11. Qd4 Nb6 12. Re1 Rxe1+ 13. Nxe1 d6 14. Qe4 h6 15. Qe8+ Kh7 16. Qxf7 hxg5 17. Qh5+ Kg8 18. Nf3 N8d7 19. Nxg5 Nf6 20. Qf7+ Kh8 21. Qxc7 d5 22. Qd8+ Ng8 23. Nf7+ Kh7 24. Ng5+ Kh8 25. Qd6 Bf5 26. Qe5 Bg6 27. f4 Re8 28. Qd6 Nf6 29. h3 Bxc2 30. g4 Re1+ 31. Kg2 Nc4 32. Qf8+ Ng8 33. f5 Re7 34. b3 Re2+ 35. Kg1 Ne3 36. Ne6 Re1+ 37. Kf2 Rf1+ 38. Kxe3 1-0

[Event "GER GM08-A email"]
[Site "GER email"]
[Date "2019.06.19"]
[Round "?"]
[White "Busemann, Stephan"]
[Black "Fleetwood, Daniel M"]
[Result "1/2-1/2"]
[WhiteElo "2580"]
[BlackElo "2581"]
[PlyCount "69"]
[EventDate "2019.??.??"]
[EventType "tourn (corr)"]
[EventRounds "13"]
[EventCountry "GER"]
[SourceTitle "Corr 2022"]
[Source "ChessBase"]
[SourceDate "2021.10.24"]
[SourceVersion "1"]
[SourceVersionDate "2021.10.24"]
[SourceQuality "1"]

1. e4 c5 2. Nf3 Nc6 3. Bb5 g6 4. 0-0 Bg7 5. Re1 e5 6. b4 Nxb4 7. Bb2 a6 8. a3 axb5 9. axb4 Rxa1 10. Bxa1 d6 11. bxc5 Ne7 12. cxd6 Qxd6 13. d4 exd4 14. Bxd4 0-0 15. Nc3 Bxd4 16. Nxd4 b4 17. e5 Qc5 18. Ne4 Qxe5 19. Nf3 Qb2 20. Qd6 Nc6 21. h4 h5 22. c3 Be6 23. Qf4 bxc3 24. Qh6 c2 25. Nfg5 Rc8 26. Nh7 Qg7 27. Nhf6+ Kf8 28. Qd2 Ne7 29. Ng5 Qh8 30. Kh2 Nf5 31. Qb4+ Kg7 32. Qxb7 Kxf6 33. Qb2+ Ke7 34. Qb7+ Kf6 35. Qb2+ 1/2-1/2

[Event "GER GM08-A email"]
[Site "GER email"]
[Date "2019.06.19"]
[Round "?"]
[White "Busemann, Stephan"]
[Black "Kurth, Wilfried"]
[Result "1-0"]
[WhiteElo "2580"]
[BlackElo "2528"]
[PlyCount "99"]
[EventDate "2019.??.??"]
[EventType "tourn (corr)"]
[EventRounds "13"]
[EventCountry "GER"]
[SourceTitle "Corr 2022"]
[Source "ChessBase"]
[SourceDate "2021.10.24"]
[SourceVersion "1"]
[SourceVersionDate "2021.10.24"]
[SourceQuality "1"]

1. d4 Nf6 2. Bf4 d5 3. e3 c5 4. Nd2 Nc6 5. c3 Bf5 6. Ngf3 e6 7. Qb3 Qc8 8. Nh4 Be4 9. f3 Bg6 10. g4 Be7 11. Nxg6 hxg6 12. dxc5 a5 13. a4 Nd7 14. 0-0-0 Nxc5 15. Qc2 Qd8 16. Ne4 Qb6 17. Nd6+ Kf8 18. Nb5 e5 19. Bg3 Rd8 20. Bf2 Bh4 21. Bg1 e4 22. f4 Be7 23. Kb1 Ne6 24. Bf2 Bc5 25. Nd4 Nexd4 26. exd4 Bd6 27. Be3 Qc7 28. Qf2 Qd7 29. f5 gxf5 30. gxf5 Be7 31. h4 Na7 32. h5 Qxa4 33. Rc1 Bf6 34. Bf4 Qc6 35. Rh3 Nc8 36. h6 gxh6 37. c4 Ne7 38. Be5 Bxe5 39. dxe5 d4 40. e6 Ke8 41. Qg3 fxe6 42. Qe5 Rf8 43. fxe6 Ng6 44. Qg3 Qxe6 45. Rxh6 Rf6 46. Bh3 Qc6 47. Bf5 Rxf5 48. Rxg6 Rf6 49. Rg7 e3 50. Qe5+ 1-0

[Event "GER GM08-A email"]
[Site "GER email"]
[Date "2019.06.19"]
[Round "?"]
[White "Busemann, Stephan"]
[Black "Oliveira, Joao"]
[Result "1/2-1/2"]
[WhiteElo "2580"]
[BlackElo "2586"]
[PlyCount "127"]
[EventDate "2019.??.??"]
[EventType "tourn (corr)"]
[EventRounds "13"]
[EventCountry "GER"]
[SourceTitle "Corr 2022"]
[Source "ChessBase"]
[SourceDate "2021.10.24"]
[SourceVersion "1"]
[SourceVersionDate "2021.10.24"]
[SourceQuality "1"]

1. e4 e5 2. Nf3 Nc6 3. Bb5 a6 4. Ba4 Nf6 5. 0-0 Be7 6. Re1 b5 7. Bb3 d6 8. c3 0-0 9. h3 Nb8 10. d4 Nbd7 11. Nbd2 Bb7 12. Bc2 Re8 13. Nf1 Bf8 14. Ng3 g6 15. a4 c5 16. d5 c4 17. Bg5 Nc5 18. Qd2 Be7 19. Bh6 Nfd7 20. Nh2 Nxa4 21. Bxa4 bxa4 22. Rxa4 a5 23. Ng4 Nb6 24. Raa1 Bc8 25. Be3 h5 26. Nh2 Nd7 27. Nf3 Ba6 28. Qe2 Qc7 29. Ng5 Qd8 30. h4 Nf6 31. Nf1 Qc7 32. f4 Bc8 33. fxe5 dxe5 34. Nd2 Ba6 35. Rf1 Rf8 36. Kh1 Ng4 37. Bg1 Qd8 38. Ndf3 Bb5 39. b3 Qc8 40. Nd2 Bc5 41. Bxc5 Qxc5 42. bxc4 Bd7 43. Qe1 a4 44. Rf3 Rab8 45. Qg1 Qxg1+ 46. Kxg1 f6 47. c5 fxg5 48. c6 Bxc6 49. dxc6 gxh4 50. Rxa4 Rfc8 51. Ra7 Ra8 52. Rxa8 Rxa8 53. Rd3 Kf7 54. Kf1 Rc8 55. Rd6 Nf6 56. Nf3 Ke7 57. Rd3 Ke6 58. Ng5+ Ke7 59. Nf3 Nxe4 60. Nxe5 Kf6 61. Nd7+ Ke6 62. Re3 Rxc6 63. Rxe4+ Kxd7 64. Rxh4 1/2-1/2

[Event "GER GM08-A email"]
[Site "GER email"]
[Date "2019.06.19"]
[Round "?"]
[White "Ostriker, Jon"]
[Black "Busemann, Stephan"]
[Result "1/2-1/2"]
[WhiteElo "2565"]
[BlackElo "2580"]
[PlyCount "48"]
[EventDate "2019.??.??"]
[EventType "tourn (corr)"]
[EventRounds "13"]
[EventCountry "GER"]
[SourceTitle "Corr 2022"]
[Source "ChessBase"]
[SourceDate "2021.10.24"]
[SourceVersion "1"]
[SourceVersionDate "2021.10.24"]
[SourceQuality "1"]

1. d4 Nf6 2. c4 e6 3. Nc3 Bb4 4. e3 0-0 5. Bd3 d5 6. Nf3 c5 7. 0-0 cxd4 8. exd4 dxc4 9. Bxc4 b6 10. Bg5 Bb7 11. Re1 Nbd7 12. Bd3 Rc8 13. Rc1 h6 14. Bh4 Be7 15. Qe2 Nh5 16. Bxe7 Qxe7 17. Be4 Bxe4 18. Qxe4 Qb4 19. Qe2 Nf4 20. Qd2 Qd6 21. Ne5 Nxe5 22. Qxf4 Nc4 23. Qxd6 Nxd6 24. d5 exd5 1/2-1/2